| 000 | 00847nam a2200229 a 4500 | ||
|---|---|---|---|
| 001 | BRCA_4318 | ||
| 005 | 20190320204627.0 | ||
| 008 | 250610s1969----nyua######---#000-0#eng-# | ||
| 041 | _aeng | ||
| 044 | _anyu | ||
| 050 | 4 |
_aNK2548 _b.I47 1969 |
|
| 245 | 1 | 0 |
_aImportant Eighteenth Century French Furniture and Works of Art _bCollection of Madame Lucienne Fribourg and Property of the Fribourg Foundation, Inc. Public auction Saturday April 19, sale no. 283. |
| 260 |
_aNueva York _bParke-Bernet Galleries _c1969 |
||
| 300 |
_a172 p. _bil. (algunas a color), 83 láminas _c28 cm. |
||
| 500 | _aCatálogo de subasta inventariado por Banco de México como libro | ||
| 500 | _aCEF116 | ||
| 650 | 1 | 4 |
_aMuebles franceses _911076 |
| 650 | 1 | 4 |
_aSubastas _97837 |
| 710 | 2 |
_aParke-Bernet Galleries (Nueva York) _910391 |
|
| 902 | _aGFM | ||
| 942 |
_2lcc _cB |
||
| 999 |
_c4029 _d4029 |
||